Responses for Show #1318 - Wednesday, May 2, 1990

Contestants

[<< previous game]

Robin Meyer, an attorney from Austin, Texas

Mark Crouter, a naval officer from Bethesda, Maryland

Paula Massengale, a bookkeeper from San Antonio, Texas (whose 2-day cash winnings total $21,400)

[next game >>]

Jeopardy! Round responses

NICKNAMES
RHYME TIME
FOOD & DRINK
TV SPIN-OFFS
19TH CENTURY AMERICA
LITTLE RED RIDING HOOD
    $100 2
Annie Oakley

Paula
    $100 1
(Mark: What is an arrow?)
...
(Alex: It is RHYME TIME, and you've noticed from that first clue that you're going to have to let your imagination run wild on this one. We do tend to get silly from time to time, and if silliness is the case, you'll find it in this category.)

Farrow's arrow(s)

MarkRobin
    $100 11
eggs Benedict

Mark
    $100 16
Gomer Pyle, U.S.M.C.

Paula
    $100 21
the cable cars

Mark
    $100 26
"All the better to see you with"

Paula
    $200 3
Knute Rockne

Paula
    $200 7
an Egyptian prescription

Mark
    $200 12
(Alex: If I told you the seaport was Mayon, you would think of [*].)

mayonnaise

Triple Stumper
    $200 17
All In The Family

Robin
    $200 22
the Erie Canal

Mark
    $200 27
(Mark: Who is the woodsman?)

Grandma

PaulaMark
    $300 4
(Mark: Who is John Alden?)

Miles Standish

MarkRobin
    $300 8
a cuter suitor

Mark
    $300 13
Aunt Jemima

Robin
    $300 18
Hill Street Blues

Robin
    $300 23
Atlantic City

Paula
    $300 28
The Three Little Pigs

Paula
    $400 5
"Black Jack"

Paula
    $400 9
injure Ginger

Paula
    $400 14
Limburger

Robin
    $400 19
Benson

Robin
    $1,500 24
Andrew Jackson

Paula
    $400 29
The Woodsman

Paula
    $500 6
John Marshall

Triple Stumper
    $500 10
normal formal

Triple Stumper
    $500 15
daiquiri

Robin
    $500 20
Tabitha

Robin
    $500 25
(Alex: We have less than a minute to go.)

Stephen Douglas

Triple Stumper
    $500 30
"Hey, you sure are lookin' good"

Robin

Scores at the first commercial break (after clue 15):

Paula Mark Robin
$1,100 $200 $1,600

Scores at the end of the Jeopardy! Round:

Paula Mark Robin
$4,000 $300 $3,500

Double Jeopardy! Round responses

EUROPEAN HISTORY
LITERARY RELATIVES
OPERA
TECHNOLOGY
THE OCCULT
WEST ON THE MAP
    $200 17
Martin Luther

Paula
    $200 11
Herman Melville

Robin
    $200 6
the Daughter of the Regiment

Robin
    $200 16
a diamond

Paula
    $200 22
astrology

Robin
    $200 1
West Germany

Paula
    $400 18
Torquemada

Robin
    $400 12
Anaïs Nin

Robin
    $400 7
India

Paula
    $400 26
Sputnik

Mark
    $2,500 23
ouija board

Robin
    $400 2
West Virginia

Paula
    $600 19
(Paula: What is Norway?)

Finland

PaulaRobin
    $2,000 13
(Robin: Who is Victor Hugo?)

Alexandre Dumas (the father)

Robin
    $600 8
a tenor

Paula
    $600 27
(Alex: To work on a lock.)

key

Mark
    $600 24
Duke

Mark
    $600 3
the Jordan

Paula
    $800 20
Prussia

Mark
    $800 14
(Alex: They get tougher as we go lower!)

Cecil Day Lewis

Triple Stumper
    $800 9
Cavalleria rusticana

Triple Stumper
    $800 28
cursor

Mark
    $800 25
Cassandra

Mark
    $800 4
the West Indies

Mark
    $1000 21
Serbia

Paula
    $1000 15
John Cheever

Mark
    $1000 10
King Philip II

Triple Stumper
    $1000 29
dialysis

Paula
    $1000 30
an oracle

Paula
    $1000 5
Westminster

Robin

Scores at the end of the Double Jeopardy! Round:

Paula Mark Robin
$9,000 $6,100 $7,000

[wagering suggestions for these scores]

Final Jeopardy! Round responses

ARCHITECTURE
MarkWho is Newton?
$1,000
RobinWho is Christopher Wren?
$5,000
PaulaWho is WREN?
$5,001
Sir Christopher Wren

Final scores:

Paula Mark Robin
$14,001 $5,100 $12,000
3-day champion: $35,401 3rd place: Bob Mitchell Designs wall coverings 2nd place: Trip to Hawaii

Game dynamics:

Coryat scores:

Paula Mark Robin
$7,900 $6,100 $6,900
21 R
(including 1 DD),
1 W
13 R,
3 W
18 R
(including 1 DD),
1 W
(including 1 DD)

Combined Coryat: $20,900

[game clues] [game scores] [suggest correction]

Game tape date: 1989-12-11
The J! Archive is created by fans, for fans. Scraping, republication, monetization, and malicious use prohibited; this site may use cookies and collect identifying information. See terms. The Jeopardy! game show and all elements thereof, including but not limited to copyright and trademark thereto, are the property of Jeopardy Productions, Inc. and are protected under law. This website is not affiliated with, sponsored by, or operated by Jeopardy Productions, Inc. Join the discussion at JBoard.tv.